00649nam a22002057a 450000500170000001000130001702000100003003500130004003700160005304000120006908200160008110000210009724500850011826000360020327000390023930000260027850000500030465000510035465000380040520170124110108.0 aA-950208 c00.00 aA-950208 bCen Lib/Ret aDPLbEN a954.41bCHA aChakravarti, Uma aRewriting history :cby Uma Chakravartibthe life and times of Pandita Ramabai / bKali for Womenc1998aNew Delhi aB1/8, Hauz KhasbNew Delhie110016 axiii,370p. c21cm(Hb) aIncludes bibliographical references and index aChristian converts from Hinduism - Maharashtra aFeminism -- India -- Maharashtra